00355nam a2200157Ia 4500008004100000020001500041041001200056082001100068100001900079245003400098250000800132260002500140300000800165650000800173700001600181221030s9999 xx 000 0 und d a0070660492 aEnglish a105.23 aS. Salivahanan 0aElectronic Deivces & Circuits a2nd bTMHaNew Delhic2009 a947 aECE aN. S. Kumar